000 00620nam a2200241Ia 4500
005 20260320201105.0
008 008 262003s9999 xx 000 0 eng d
037 _aEBOOK
040 _aCRL
040 _beng
040 _cCRL
041 _2eng
041 _aeng
084 _qCRL
100 _aHanzo
_91133937
245 0 _aMIMO-OFDM for LTE, WiFi and WiMAX: Coherent versus Non-coherent and Cooperative Turbo Transceivers
260 _bIEEE
260 _c2011
856 _uhttps://ieeexplore.ieee.org/servlet/opac?bknumber=5713285
942 _cEBOOK
999 _c1718808
_d1718808